Jocasta's crime: an anthropological study (Record no. 431557)

000 -LEADER
fixed length control field 00427cam a22001577a 4500
008 - FIXED-LENGTH DATA ELEMENTS--GENERAL INFORMATION
fixed length control field 180718b1940 xxu||||| |||| 00| 0 eng d
082 ## - DEWEY DECIMAL CLASSIFICATION NUMBER
Classification number BA27 R127
100 ## - MAIN ENTRY--PERSONAL NAME
Personal name Raglan, Lord
245 ## - TITLE STATEMENT
Title Jocasta's crime: an anthropological study
Statement of responsibility, etc. by Lord Raglan
260 ## - PUBLICATION, DISTRIBUTION, ETC.
Place of publication, distribution, etc. London
Name of publisher, distributor, etc. Watts
Date of publication, distribution, etc. 1940
300 ## - PHYSICAL DESCRIPTION
Extent 149p.
650 ## - SUBJECT ADDED ENTRY--TOPICAL TERM
Topical term or geographic name entry element Primitive societies
650 ## - SUBJECT ADDED ENTRY--TOPICAL TERM
Topical term or geographic name entry element Endogamy and exogamy
650 ## - SUBJECT ADDED ENTRY--TOPICAL TERM
Topical term or geographic name entry element Marriage --History
650 ## - SUBJECT ADDED ENTRY--TOPICAL TERM
Topical term or geographic name entry element Incest
Holdings
Withdrawn status Lost status Damaged status Not for loan Permanent Location Current Location Date acquired Full call number Barcode Date last seen Price effective from Koha item type
        Indian Institute of Public Administration Indian Institute of Public Administration 2010-01-20 BA27 R127 A1291 2018-07-21 2018-07-21 A

Powered by Koha